Szegedi tisztviselők memoranduma a drágaság miatt
Elmentve itt :
| Dokumentumtípus: | Cikk |
|---|---|
| Megjelent: |
1911-11-17
|
| Sorozat: | Délmagyarország
2 No. 264 |
| Kulcsszavak: | Gazdasági élet Szeged 1911, Bérezés tisztviselők 1911 |
| Online Access: | http://dmarchiv.bibl.u-szeged.hu/58905 |
| LEADER | 00467nab a2200145 i 4500 | ||
|---|---|---|---|
| 001 | delm58905 | ||
| 005 | 20180927144651.0 | ||
| 008 | 180927s1911 hu o 0|| hun d | ||
| 040 | |a SZTE Délmagyarország Archívum |b hun | ||
| 041 | |a hun | ||
| 245 | 0 | 0 | |a Szegedi tisztviselők memoranduma a drágaság miatt |h [elektronikus dokumentum] |
| 260 | |c 1911-11-17 | ||
| 300 | |a 1-2 | ||
| 490 | 0 | |a Délmagyarország |v 2 No. 264 | |
| 695 | |a Gazdasági élet Szeged 1911, Bérezés tisztviselők 1911 | ||